Los Grupos societarios Direccin̤ y coordinacin̤ de sociedades

Detalles Bibliográficos
Autor principal: Galgano, Francesco
Otros Autores: Roitman, Horacio
Formato: eBook
Lenguaje:español
Publicado: Bogot ̀: Editorial Universidad de Rosario (Colombia), 2012
Materias:
Acceso en línea:http://www.vlex.com/source/9159

MARC

LEADER 00000nam a22000007a 4500
005 20130328142304.0
007 cr|||| ||||
008 130328e2012 ck |||||s|||| 00||0 spa d
020 |a 978-958-738-257-0 
035 |a 9159 
040 |a vLex 
090 |c 4070  |d 4070 
100 1 0 |a Galgano, Francesco  
245 1 4 |a Los Grupos societarios  |b Direccin̤ y coordinacin̤ de sociedades  |c / Francesco Galgano, Horacio Roitman   |h [Recurso electrn̤ico] 
256 |a Servicio en ln̕ea 
260 |a Bogot ̀:   |b Editorial Universidad de Rosario (Colombia),   |c 2012 
300 |a 1 Recurso electrn̤ico 
506 |d vLex Global  |d vLex Global (Academic Edition, excluding Law Schools)  |d vLex Global (U.S. Academic Edition, Law Schools)  |d vLex Global (U.S. Academic Edition, excluding Law Schools)  |d vLex Global (Academic Edition, Law Schools) 
650 0 4 |a Derecho mercantil  |z Colombia 
650 0 4 |a Derecho societario  |z Colombia 
700 1 0 |a Roitman, Horacio 
740 |a vLex Libros (Servicio en ln̕ea) 
856 |a Acceso restringido  |u http://www.vlex.com/source/9159 
942 |c BOOK 
999 |a Commercial law